Cristianismo, culto o profecía: el hecho religioso andino

Gespeichert in:
Bibliographische Detailangaben
1. Verfasser: González, Justo L (VerfasserIn)
Format: Buch
Sprache:Spanisch
Veröffentlicht: Quito Abya-Yala 1980
Schlagworte:
Tags: Tag hinzufügen
Keine Tags, Fügen Sie den ersten Tag hinzu!

MARC

LEADER 00000nam a2200000 a 4500
001 UCX4426
003 CL-VaPUC
008 920512e19800000EC |||||||||||||||||spa|d
082 0 4 |a 261  |b GON  |2 21 
100 |a González, Justo L  |e author  |9 537960 
245 1 0 |a Cristianismo, culto o profecía: el hecho religioso andino 
300 |a 394 p 
942 |c BK 
945 |d 19920512 00:00:00 
260 |a Quito  |b Abya-Yala  |c 1980 
650 7 |a PROFECIA CRISTIANISMO  |2 CL-VaPUC  |9 320599 
583 |a last modification  |c 20190801 08:33:41  |k Rodrigo Vera 
999 |c 224884  |d 224882 
952 |0 0  |1 0  |4 0  |6 261_000000000000000_GON_1980  |7 0  |8 A  |9 221907  |a BIBTEO  |b BIBTEO  |d 2019-11-15  |i 2907917  |o 261 GON 1980  |p 2907917  |r 2025-01-17  |w 2019-11-15  |y BK  |k ICR